MAHATMA GANDHI (Record no. 36841)

MARC details
000 -LEADER
fixed length control field 00371nam a2200133Ia 4500
008 - FIXED-LENGTH DATA ELEMENTS--GENERAL INFORMATION
fixed length control field 211109s9999||||xx |||||||||||||| ||und||
082 ## - DEWEY DECIMAL CLASSIFICATION NUMBER
Classification number 954.045
Item number RAD-M
100 ## - MAIN ENTRY--PERSONAL NAME
Personal name Radhakrishnan, S
245 #0 - TITLE STATEMENT
Title MAHATMA GANDHI
260 ## - PUBLICATION, DISTRIBUTION, ETC.
Name of publisher, distributor, etc. D c Books
Place of publication, distribution, etc. Kottayam
Date of publication, distribution, etc. 1969
630 ## - SUBJECT ADDED ENTRY--UNIFORM TITLE
General subdivision General Stack
650 ## - SUBJECT ADDED ENTRY--TOPICAL TERM
Topical term or geographic name entry element HISTORY
942 ## - ADDED ENTRY ELEMENTS (KOHA)
Koha item type BOOK
650 ## - SUBJECT ADDED ENTRY--TOPICAL TERM
Form subdivision HISTORY OF INDIAMAHATMA GANDHIGANDHIJI
General subdivision Generalia
Holdings
Withdrawn status Lost status Damaged status Not for loan Home library Current library Date acquired Cost, normal purchase price Total Checkouts Full call number Barcode Shelving location Date last seen Price effective from Koha item type
        SB LIBRARY SB LIBRARY 09/11/2021 195.00   954.045 RAD-M 00038229 GENERAL STACK 09/11/2021 09/11/2021 BOOK

Powered by Koha